Normal view
MARC view
- Goering, R. V. And Others
Entry Personal Name
001 - CONTROL NUMBER
- control field: 80127
003 - CONTROL NUMBER IDENTIFIER
- control field: OSt
005 - DATE AND TIME OF LATEST TRANSACTION
- control field: 20220806114048.0
008 - FIXED-LENGTH DATA ELEMENTS
- fixed length control field: 220806|| aca||aabn | a|a d
040 ## - CATALOGING SOURCE
- Original cataloging agency: OSt
- Transcribing agency: OSt
100 ## - HEADING--PERSONAL NAME
- Personal name: Goering, R. V. And Others
670 ## - SOURCE DATA FOUND
- Source citation: Work cat.: (OSt)44307: Goering, R. V. And Others, Mims' Medical Microbiology, 2013